Migračná politika v kontexte národnoštátneho záujmu
Salvato in:
| Autore principale: | |
|---|---|
| Natura: | Capitolo di libro |
| Lingua: | slovacco |
| Soggetti: | |
| Tags: |
Nessun Tag, puoi essere il primo ad aggiungerne!!
|
MARC
| LEADER | 00000naa$a2200000$$$4500 | ||
|---|---|---|---|
| 001 | 0239142 | ||
| 005 | 20240502073855.0 | ||
| 041 | 0 | |a slo | |
| 044 | |a SK | ||
| 245 | 1 | 0 | |a Migračná politika v kontexte národnoštátneho záujmu |c Radoslav Štefančík |
| 610 | 2 | 0 | |a migrácia |
| 610 | 2 | 0 | |a politika migračná |
| 610 | 2 | 0 | |a Slovensko |
| 610 | 2 | 0 | |a štát |
| 610 | 2 | 0 | |a národ |
| 100 | 1 | |a Štefančík, Radoslav, 1976- | |